000 00875nam a2200241 a 4500
001 000024703
005 20200930023323.0
008 110202s1971 mx a 000 0 spa d
040 _aDO-SdBNP
_bspa
_cBNPHU
041 1 7 _aspa
_heng
082 _a658.422
_bS713c
100 1 _aSorenson, Roy
_950665
245 1 0 _aCómo ser un miembro de consejo o comité /
_cRoy Sorenson ; traducción Cárdenas Barrios, René.
260 _aMéxico :
_bDiana,
_c1971.
300 _a79 p. :
_bil. ;
_c18 cm.
490 1 _aBiblioteca para el director de grupos
_v2
534 _aTítulo original:
_tHow to be a board or committee member.
650 4 _aConsejos de administración
_950666
650 4 _aConsejos económicos
_950667
650 4 _aComites administrativos
_950668
700 1 _aRené Cárdenas Barrios,
_etr.
_950669
830 0 _aBiblioteca para el director de grupos ;
_n2
_950670
999 _c24196
_d24196